000 00545nam a2200193Ia 4500
005 20250508163047.0
008 008 250505s9999 xx 000 0 eng d
037 _aTextual
040 _aFEDL
_beng
_cFEDL
041 _aeng
_2eng
084 _a157.9, SMA
_qFEDL
100 _aSmail D. J.
_9774642
245 0 _aPsychotherapy : A personal approach
260 _aLondon, UK
_bJ. M. Dent and Sons Ltd.
_c1978
300 _avii,150p.
650 _aAbnormal Psychology
942 _cTEXL
_h157.9, SMA
999 _c1380575
_d1380575